000 00510nam a2200181Ia 4500
999 _c14217
_d14217
003 OSt
005 20201112094249.0
008 190216s9999||||xx |||||||||||||| ||und||
020 _a9798122306940
040 _coclc
082 _a421
_bPUR/S
100 _aPurohit, Anil S
_96494
245 0 _aSpicy Side Of Speeches :
_bFun With English /
260 _bPustak Mahal,
_c2001.
_aNew Delhi:
300 _a118p
650 _aEnglish Literature
942 _cBK
_2ddc
_h421
_iPUR/S
_k421
_mPUR/S